| 000 | 01191 a2200241 4500 | ||
|---|---|---|---|
| 001 | 60647 | ||
| 005 | 20260407155858.0 | ||
| 008 | 260407a2014 arg spa d | ||
| 003 | AR-UNSa-BCEJYS | ||
| 040 |
_aAR-UNSa-BCEJYS _bspa _cAR-UNSa-BCEJYS |
||
| 080 |
_a330.342.146 _xEconomía social de mercado. Economía del estado del bienestar |
||
| 245 | 1 | 0 |
_aLa economía del bien común _pUn modelo económico que supera la dicotomía entre capitalismo y comunismo para maximizar el bienestar de nuestra sociedad |
| 020 | _a978-950-12-0166-6 | ||
| 264 | 1 |
_aBuenos Aires : _bPaidós _c2014 |
|
| 300 |
_a286 p. _c20 cm. |
||
| 505 | _a1. Análisis breve - 2.La economía del bien común- idea principal – 3. La banca democrática – 4. Propiedad – 5. Motivación y sentido – 6. Desarrollo de la democracia – 7. Ejemplos y modelos – 8. Estrategias para su ejecución – 9. Preguntas frecuentes – 10. Números, datos y resumen | ||
| 041 | _aspa | ||
| 942 | _cBK | ||
| 590 | _aniveau_biblio:m niveau_hierar:0 | ||
| 100 | 1 | _aFelber, Christian | |
| 700 | 1 | _aYusta, Silvia | |
| 856 | 4 | 1 |
_uhttps://www.biblioeco.unsa.edu.ar/pmb/images/libros/L129287.jpg _yImagen de portada _qimage/jpeg |
| 999 |
_c7093 _d7093 |
||